Hack proofing your Web applications (Record no. 383)
[ view plain ]
| 000 -LEADER | |
|---|---|
| fixed length control field | 01332nam a2200325 a 4500 |
| 082 04 - DEWEY DECIMAL CLASSIFICATION NUMBER | |
| Classification number | 005.8 |
| 245 00 - TITLE STATEMENT | |
| Title | Hack proofing your Web applications |
| 260 ## - PUBLICATION, DISTRIBUTION, ETC. (IMPRINT) | |
| Place of publication | Rockland, Mass. : |
| Name of publisher | Syngress Media ; |
| Place of publication | London : |
| Name of publisher | International Thomson, |
| Year of publication | c2001. |
| 300 ## - PHYSICAL DESCRIPTION | |
| Number of Pages | xxvii, 586 p. : |
| Other physical details | ill. |
| 500 ## - GENERAL NOTE | |
| General note | Includes index. |
| General note | One CD-ROM in pocket attached to inside back cover. |
| 650 #0 - SUBJECT ADDED ENTRY--TOPICAL TERM | |
| Topical Term | Web sites |
| Topical Term | Computer security. |
| 700 1# - ADDED ENTRY--PERSONAL NAME | |
| Personal name | Forristal, Jeff. |
| 856 40 - ELECTRONIC LOCATION AND ACCESS | |
| Uniform Resource Identifier | http://site.ebrary.com/lib/rucke/Doc?id=10007029 |
No items available.
